000 00827nam a2200265 a 4500
001 ASIN1588267261
005 20170105102844.0
008 130805s2010 xxu eng d
020 _a1588267261 (paperback)
_c$22.50
020 _a9781588267269 (paperback)
040 _a0
050 0 4 _aHF1604.Z4
082 0 4 _a337.5101
245 1 0 _aChina, the developing world, and the new global dynamic /
_cLowell Dittmer, George T. Yu.
260 _a[S.l.] :
_bLynne Rienner Pub,
_c2010.
300 _a251 p. ;
_c23 cm.
650 0 _aChina
650 0 _aDeveloping countries
650 0 _aGlobalization
650 0 _aInternational economic relations
700 1 _aDittmer, Lowell.
700 1 _aYu, George T.
856 4 0 _3Amazon.com
_uhttp://www.amazon.com/exec/obidos/ASIN/1588267261/chopaconline-20
942 _2ddc
_cBK
999 _c14013
_d14013